Signos, comunicación y sociedad /
Guardado en:
| Autor Principal: | |
|---|---|
| Formato: | Libro |
| Publicado: |
Buenos Aires :
Don Bosco / Proa,
1990
|
| Series: | Comunicaci¢n,13
|
| Materias: | |
| Etiquetas: |
Agregar Etiqueta
Sin Etiquetas, Sea el primero en etiquetar este registro!
|
| LEADER | 00587nam a22002175a 4500 | ||
|---|---|---|---|
| 001 | CEM.cems007198 | ||
| 005 | 20060214000000.0 | ||
| 008 | 130507s1990##################000#0#####d | ||
| 003 | CEMS | ||
| 082 | 0 | 4 | |a 410 |
| 100 | 1 | |a Dallera, Osvaldo Alfredo | |
| 245 | 1 | 0 | |a Signos, comunicación y sociedad / |
| 260 | |a Buenos Aires : |b Don Bosco / Proa, |c 1990 | ||
| 300 | |a 40 p. | ||
| 490 | 0 | |a Comunicaci¢n,13 | |
| 653 | |a Comunicacion | ||
| 653 | |a Connotacion | ||
| 653 | |a Semiologia | ||
| 653 | |a Semiotica | ||
| 653 | |a Significante | ||
| 859 | |a CEMS |b BIB. CEMS - 11 de abril |h 410 |i D163 |p 16920.93 |t Ej.1 | ||
